000 00939nac a22003011i 4500
003 EG-ScBUE
005 20250518083829.0
008 250423r20062002enka f 001 0 eng d
020 _a0521530156
020 _a9780521530156
040 _aEG-ScBUE
_beng
_erda
_cEG-ScBUE
_dEG-ScBUE
082 0 4 _a531.0151
_bQUA
_222
100 1 _aQuadling, D. A.,
_eauthor.
245 1 0 _aMechanics 1 /
_cDouglas Quadling.
250 _aFourth printing.
264 1 _aCambridge :
_bCambridge University Press,
_c2006.
300 _aiv, 204 pages :
_billustrations ;
_c25 cm.
336 _2rdacontent
_atext
_btxt
337 _aunmediated
_2rdamedia
_bn
338 _avolume
_bnc
_2rdacarrier
490 0 _aAdvanced level mathematics
500 _aIncludes index.
650 7 _aMechanics
_xMathematics.
_2BUEsh
650 7 _aMathematics.
_2BUEsh
650 7 _aMechanics
_vProblems, exercises, etc.
_xBUEsh
655 _vReading book
942 _cBB
_2ddc
999 _c4296
_d4296